The magic of the state
Saved in:
| Main Author: | |
|---|---|
| Format: | Book |
| Language: | English |
| Published: |
New York :
Routledge,
1997
|
| Subjects: | |
| Tags: |
Add Tag
No Tags, Be the first to tag this record!
|
MARC
| LEADER | 00000cam a2200000 i 4500 | ||
|---|---|---|---|
| 001 | 1/92346 | ||
| 008 | 991112s 1997 eng d | ||
| 020 | |a 0-415-91791-3 | ||
| 035 | |l 10054015 | ||
| 040 | |a GR-MY-UA |b gre |e aacr | ||
| 041 | 0 | |a eng | |
| 082 | 0 | |a 320.98 | |
| 100 | 1 | |a Taussig, Michael T. | |
| 245 | 1 | 4 | |a The magic of the state / |c Michael Taussig |
| 260 | |a New York : |b Routledge, |c 1997 | ||
| 300 | |a 206 p. | ||
| 504 | |a Includes bibliographical references | ||
| 650 | 0 | 0 | |a Political culture |z South America. |
| 650 | 0 | 0 | |a Allegiance |z South America. |
| 650 | 0 | 0 | |a Patriotism |z South America. |
| 650 | 0 | 0 | |a Martyrs |z South America. |
| 650 | 0 | 0 | |a Spirit possession |z South America. |
| 650 | 0 | 0 | |a Symbolism in politics |z South America. |
| 651 | 0 | |a South America |x Colonial influence. | |
| 852 | |a INST |b LESVOS |e 19991112 |h 320.98 TAU |p 005100022839 |q 005100022839 |t BK |y 0 | ||
| 901 | |a BIBL1-1999-3 | ||
| 909 | |a Λ |b 066976 | ||
| 970 | |a ΚΑΜΑΤΣΟΥ |b ΔΕΣΠΟΙΝΑ |z 1999/11/08 | ||